Animais Aleatórios por Imagem em Close - Statistics

Estatísticas Gerais
  • Esse quiz foi jogado 1 398 vezes
  • A pontuação média é 11 de 16
Estatísticas das Respostas
Imagem Resposta % Correto
Panda
89%
Leão
88%
Zebra
88%
Hipopótamo
87%
Crocodilo
86%
Elefante
86%
Tartaruga
86%
Tigre
86%
Urso polar
86%
Águia
85%
Gorila
84%
Raposa vermelha
82%
Camaleão
80%
Coala
77%
Girafa
77%
Vespa
74%
Pinguim
73%
Onça-pintada
72%
Coelho
69%
Gambá
67%
Sucuri-verde
57%
Dragão-de-komodo
50%
Jibóia
48%
Tarântula
47%
Castor
45%
Lêmure
41%
Piranha
41%
Atum
38%
Canguru
38%
Rena
37%
Papagaio
31%
Suricata
25%
Nenhum quiz correspondente encontrado
Distribuição das Pontuações
Porcentagem de Pessoas com Cada Pontuação
Percentil de Números Respondidos
Sua Pontuação Histórica
Você não jogou esse quiz